Największe miasta Europy Południowej - Statystyki

Ogólne statystyki
  • Ten quiz został rozwiązany 60 razy
  • Średni wynik to 13 z 15
Statystyki odpowiedzi
Państwo Liczba ludności Miasto % Poprawnych
Hiszpania 3,266,126 Madryt
98%
Włochy 2,856,133 Rzym
98%
Grecja 664,046 Ateny
96%
Hiszpania 1,636,762 Barcelona
96%
Bułgaria 1,242,568 Sofia
96%
Chorwacja 688,163 Zagrzeb
96%
Rumunia 1,883,425 Bukareszt
95%
Serbia 1,166,763 Belgrad
93%
Włochy 1,378,689 Mediolan
93%
Włochy 959,188 Neapol
91%
Włochy 875,698 Turyn
82%
Hiszpania 688,592 Sewilla
80%
Hiszpania 794,288 Walencja
80%
Włochy 663,401 Palermo
70%
Hiszpania 674,997 Saragossa
54%
Nie znaleziono quizów pasujących do podanych kryteriów
Rozkład punktacji
Procent ludzi z każdym wynikiem
Percentyl według liczby udzielonych odpowiedzi
Twoja historia wyników
Nie rozwiązałeś tego quizu